Die Top 30 Fußballspieler mit dem höchsten Marktwert - Statistiken

Allgemein
  • Dieses Quiz wurde 569 mal gespielt
    310 seit der letzten Aktualisierung
  • Das Durchschnittsergebnis liegt bei 20 aus 30
Antwortstatistiken
Verein Spieler % Korrekt
Paris Saint-Germain Kylian Mbappe
98%
Manchester City Erling Haaland
97%
Bayer Leverkusen Florian Wirtz
94%
Bayern München Jamal Musiala
93%
Real Madrid Jude Bellingham
93%
Real Madrid Vinicius Junior
93%
Bayern München Harry Kane
87%
Arsenal Bukayo Saka
85%
Manchester City Phil Foden
81%
Real Madrid Rodrygo
77%
Inter Mailand Lautaro Martinez
76%
FC Barcelona Pedri
72%
SSC Neapel Victor Osimhen
72%
Manchester City Rodri
71%
Arsenal Declan Rice
69%
Real Madrid Eduardo Camavinga
68%
Barcelona Gavi
67%
Arsenal Martin Ødegaard
64%
AC Mailand Rafael Leão
62%
RB Leipzig Xavi Simons
61%
Real Madrid Aurélien Tchouaméni
58%
Real Madrid Federico Valverde
58%
Manchester City Rúben Dias
52%
Arsenal William Saliba
49%
Arsenal Gabriel Martinelli
47%
SSC Neapel Khvicha Kvaratskhelia
43%
Chelsea Enzo Fernández
42%
Chelsea Moisés Caicedo
35%
Manchester City Julian Alvarez
32%
Newcastle United Bruno Guimarães
25%
Keine übereinstimmenden Quizze gefunden
Verteilung der Resultate
Anzahl Personen mit jedem Resultat
Perzentil nach korrekt beantworteten Fragen
Ihre Resultats-Entwicklung
Sie haben dieses Quiz seit der letzten Aktualisierung nicht gespielt